Normal view
MARC view
Entry Término temático
001 - NÚMERO DE CONTROL
- campo de control: 176897
003 - IDENTIFICADOR DEL NÚMERO DE CONTROL
- campo de control: OSt
005 - FECHA Y HORA DE LA ÚLTIMA TRANSACCIÓN
- campo de control: 20220601073901.0
008 - DATOS DE LONGITUD FIJA
- campo de control de longitud fija: 220601|| aca||aabn | a|a d
040 ## - FUENTE DE LA CATALOGACIÓN
- Centro catalogador/agencia de origen: OSt
- Centro/agencia transcriptor: OSt
150 ## - ENCABEZAMIENTO--TÉRMINO DE MATERIA
- Término de materia o nombre geográfico como elemento de entrada: 1. Melaza en alimentación animal 2. Urea en alimentación del ganado 3. Ganado vacuno - Nutrición 4. Zearanol 5. Digitaria decumbens Ì
670 ## - FUENTE DE DATOS ENCONTRADOS
- Cita de la fuente: Work cat.: (OSt)210063: Cabrera Jasso, Heberto Ramón 16671, Evaluación parcial de la suplementación con melaza y urea y del implante de zearalanol al ganado bovino en praderas de pangola (Digitaria decumbens) / por Heberto Ramón Cabrera Jasso
